| 000 | 00515nam a2200181Ia 4500 | ||
|---|---|---|---|
| 005 | 20250508151138.0 | ||
| 008 | 008 250505s9999 xx 000 0 eng d | ||
| 037 | _aTextual | ||
| 040 |
_aFEDL _beng _cFEDL |
||
| 041 |
_aeng _2eng |
||
| 084 |
_a519.5354, THO _qFEDL |
||
| 100 | _aThomson Godfrey | ||
| 245 | 0 | _aFactorial analysis of human ability | |
| 260 |
_aLondon, UK _bUniversity of London Press _c1939 |
||
| 300 | _axv,383p. | ||
| 942 |
_cTEXL _h519.5354, THO |
||
| 999 |
_c1327875 _d1327875 |
||